000 00188 a2200097 4500
020 _a9780545164481
041 _aeng
100 _aLynn Maslen Kertell
245 _aHid and Seek
942 _cK
999 _c27833
_d27833